Código de procedimiento civil de la república de Chile: conforme a la edicion oficial

Saved in:
Bibliografiske detaljer
Hovedforfatter: Vera, Robustiano (Author)
Format: Bog
Sprog:spansk
Udgivet: Santiago Federico T. Lathrop 1903
Udgivelse:2a. ed
Fag:
Tags: Tilføj Tag
Ingen Tags, Vær først til at tagge denne postø!

MARC

LEADER 00000nam a2200000 a 4500
001 UCZ7902
003 CL-VaPUC
008 960112e19030000CL |||||||||||||||||spa|d
082 0 4 |a 347.83  |b VER  |2 21 
100 0 |a Vera, Robustiano  |e author  |9 352915 
245 1 0 |a Código de procedimiento civil de la república de Chile: conforme a la edicion oficial 
250 |a 2a. ed 
300 |a 257 p 
942 |c BK 
945 |d 19960112 00:00:00  |a mcarcey 
260 |a Santiago  |b Federico T. Lathrop  |c 1903 
650 7 |a CODIGO DE PROCEDIMIENTO  |2 CL-VaPUC  |9 352916 
650 0 |a Derecho procesal civil  |9 258071 
651 7 |a CHILE  |2 CL-VaPUC  |9 352917 
583 |a last modification  |c 19960112 00:00:00  |k Rodrigo Vera 
999 |c 243884  |d 243882 
952 |0 0  |1 0  |2 ddc  |4 0  |5 1  |6 347_830000000000000_VER_1903  |7 1  |8 C_LRYV  |9 257726  |a FDOBRV  |b BIBDER  |d 2019-11-19  |i 3155420  |o 347.83 VER 1903  |p 3155420  |r 2023-01-25  |w 2019-11-19  |y BK_X  |k BRV